00863 a2200169 45000010006000000050017000060080041000230030015000640400040000790800104001192450078002232640052003013000031003535050116003841000027005008560166005272558920260407155539.0260407a2012 arg spa dAR-UNSa-BCEJYS aAR-UNSa-BCEJYSbspacAR-UNSa-BCEJYS a347.736xQuiebra. Insolvencia. Suspensión de pagos. Bancarrota, procedimientos. Derecho Concursal10aLa ley de concursos y quiebras y su interpretación en la jurisprudencia 1aBuenos Aires :bRubinzal-Culzoni Editoresc2012 a2v. (653 - 620 p.)c22 cm. aTomo I : Arts. 1º a 101 - Tomo II : Arts. 102 a 297 ISBN: Tomo I: 978-987-30-0332-5 Tomo II: 978-987-30-0333-21 aVítolo, Daniel Roque41uhttps://biblioeco.unsa.edu.ar/pmb/images/libros/La Ley de Concursos y Quiebras y su Interpretaci?n en la Jurisprudencia (2012).jpgyImagen de portadaqimage/jpeg